Radical feminist therapy : working in the context of violence /

Salvato in:
Dettagli Bibliografici
Autore principale: Burstow, Bonnie (Autore)
Natura: Libro
Lingua:inglese
Pubblicazione: Newbury Park : Sage publications, 1992
Tags: Aggiungi Tag
Nessun Tag, puoi essere il primo ad aggiungerne!!

MARC

LEADER 00000nam a22000007i 4500
001 IT\ICCU\UBO\1631082
003 ItRI
005 20260115231822.0
008 081203s1992 xxu|||||| ||||| |||||c
020 |a 0803947887 
040 |b ita  |c importazione bologna sebina 
041 7 |a eng  |2 ISO-639-2 
100 1 |a Burstow, Bonnie  |0 IT\ICCU\UBOV\615819  |4 aut 
245 1 0 |a Radical feminist therapy :  |b working in the context of violence /  |c Bonnie Burstow. 
260 |a Newbury Park :  |b Sage publications,  |c 1992 
300 |a XVIII, 302 p. ;  |c 23 cm. 
942 |2 ddc  |c BK  |n 0 
952 |0 0  |1 0  |4 0  |6 DOC_155_633000000000000_BUR  |7 0  |9 13467  |a BO  |b BO  |d 2026-01-15  |i 2903  |l 0  |o DOC 155.633 BUR  |p BO2903  |r 2026-01-15 23:18:22  |w 2026-01-15  |x [Sebina 5] [1 v.]  |y BK  |z 1 v. 
999 |c 11575  |d 11575